书目信息 |
| 题名: |
总经理把私营公司做大做强20个绝招
|
|
| 作者: | 张永生 编著 | |
| 分册: | ||
| 出版信息: | 北京 中国商业出版社 2010 |
|
| 页数: | 396页 | |
| 开本: | 26cm | |
| 丛书名: | ||
| 单 册: | ||
| 中图分类: | F276.5 | |
| 科图分类: | ||
| 主题词: | 私营企业--企业管理 , 私营企业 | |
| 电子资源: | ||
| ISBN: | 978-7-5044-6644-0 | |
| 000 | 00888nam0 2200241 45 | |
| 001 | 1029501046 | |
| 005 | 20100428090837.18 | |
| 010 | @a978-7-5044-6644-0@dCNY49.80 | |
| 100 | @a20100419d2010 ekmy0chiy0120 ea | |
| 101 | 0 | @achi |
| 102 | @aCN@b110000 | |
| 105 | @ay z 000yy | |
| 106 | @ar | |
| 200 | 1 | @a总经理把私营公司做大做强20个绝招@AZong Jing Li Ba Si Ying Gong Si Zuo Da Zuo Qiang 20 Ge Jue Zhao@f张永生编著@FZhang Yong Sheng Bian Zhu |
| 210 | @a北京@c中国商业出版社@d2010 | |
| 215 | @a396页@d26cm | |
| 330 | @a本书基于大量成功的私营企业成长和发展的经典案例,全面总结出私营公司的总经理,如何才能把公司做大做强的20个绝招,几乎涵盖了私营公司发展壮大过程中可能遇到的各种问题。 | |
| 606 | 0 | @a私营企业@x企业管理 |
| 606 | 0 | @a私营企业 |
| 690 | @aF276.5@v4 | |
| 701 | 0 | @a张永生@AZhang Yong Sheng@4编著 |
| 801 | 0 | @aCN@bTANGWEI@c20100428 |
| 905 | @b0596408-12@dF276.5@e871@f5 | |
| 总经理把私营公司做大做强20个绝招/张永生编著.-北京:中国商业出版社,2010 |
| 396页;26cm |
| ISBN 978-7-5044-6644-0:CNY49.80 |
| 本书基于大量成功的私营企业成长和发展的经典案例,全面总结出私营公司的总经理,如何才能把公司做大做强的20个绝招,几乎涵盖了私营公司发展壮大过程中可能遇到的各种问题。 |
| ● |
| 相关链接 |
|
|
|
|
正题名:总经理把私营公司做大做强20个绝招
索取号:F276.5/871
 
预约/预借
| 序号 | 登录号 | 条形码 | 馆藏地/架位号 | 状态 | 备注 |
| 1 | 0596408 | 205964081 | 第一样本阅览室/ [索取号:F276.5/871] | 在馆 | |
| 2 | 0596409 | 205964090 | 第一借阅区/ [索取号:F276.5/871] | 在馆 | |
| 3 | 0596410 | 205964107 | 第一借阅区/ [索取号:F276.5/871] | 在馆 | |
| 4 | 0596411 | 205964116 | 第一借阅区/ [索取号:F276.5/871] | 在馆 | |
| 5 | 0596412 | 205964125 | 第一借阅区/ [索取号:F276.5/871] | 在馆 |